[Event "East Lansing (MOR/1a/7)"]
[Site "?"]
[Date "1995.??.??"]
[Round "?"]
[White "Brooks, Brion"]
[Black "Repas, B."]
[Result "1-0"]
[WhiteElo "1730"]
[BlackElo "1605"]
[PlyCount "57"]
[EventDate "1995.??.??"]

1. d4 d5 2. c4 e6 3. Nc3 Nf6 4. cxd5 exd5 5. Bg5 c6 6. e3 Nbd7 7. Bd3 Qa5 8.
Qc2 h6 9. Bh4 Bb4 10. Nf3 O-O 11. O-O Re8 12. Na4 Be7 13. a3 Qc7 14. b4 a6 15.
Rab1 b5 16. Nc3 Bb7 17. Bxf6 Nxf6 18. a4 Rac8 19. Bf5 Rcd8 20. axb5 cxb5 21.
Rfc1 Qd6 22. Ne2 g6 23. Bxg6 fxg6 24. Qxg6+ Kf8 25. Nf4 Bc8 26. Rxc8 Rxc8 27.
Ne5 Qxe5 28. dxe5 Rc6 29. e6 1-0

[Event "East Lansing (MOR/3/4)"]
[Site "?"]
[Date "1995.??.??"]
[Round "?"]
[White "Brooks, Brion"]
[Black "Eck, J."]
[Result "1-0"]
[WhiteElo "1730"]
[BlackElo "1630"]
[PlyCount "75"]
[EventDate "1995.??.??"]

{3/(4)} 1. d4 Nf6 2. c4 g6 3. Nc3 Bg7 4. e4 O-O 5. e5 Ne8 6. f4 d6 7. Nf3 Bg4
8. Be3 Nd7 9. h3 Bxf3 10. Qxf3 dxe5 11. dxe5 e6 12. O-O-O Qe7 13. Qxb7 Nef6 14.
Qxc7 Qb4 15. Qd6 a5 16. g4 Rfb8 17. Rh2 Bf8 18. Qxb4 axb4 19. exf6 Nxf6 20. Bd4
Bd6 21. Kb1 bxc3 22. Bxf6 Bxf4 23. Rc2 cxb2 24. Rxb2 Rxb2+ 25. Kxb2 Rb8+ 26.
Kc3 Bc7 27. Rd7 Ba5+ 28. Kc2 Rb4 29. Ra7 Rb8 30. Rxa5 h6 31. Bg2 Rc8 32. Ra8
Rf8 33. Rxf8+ Kxf8 34. c5 Ke8 35. c6 h5 36. Bf1 hxg4 37. Bb5 gxh3 38. c7+ 1-0

[Event "East Lansing (MOR/5/2)"]
[Site "?"]
[Date "1995.??.??"]
[Round "?"]
[White "Brooks, Brion"]
[Black "Choyke, J."]
[Result "1-0"]
[WhiteElo "1730"]
[BlackElo "1635"]
[PlyCount "129"]
[EventDate "1995.??.??"]

{5/(2)} 1. d4 e5 2. dxe5 d6 3. exd6 Bxd6 4. Nc3 Qe7 5. Nf3 h6 6. e3 Nf6 7. Nd5
Nxd5 8. Qxd5 c6 9. Qd4 O-O 10. Bd3 Rd8 11. Qe4 Qxe4 12. Bxe4 Nd7 13. Nd4 Nf6
14. Bf5 Be5 15. Bxc8 Raxc8 16. Nf3 Bc7 17. Bd2 Ne4 18. g3 g5 19. Rd1 Rd7 20.
Nd4 Rcd8 21. Ke2 c5 22. Nb3 b6 23. f3 Nxd2 24. Nxd2 f5 25. e4 f4 26. g4 b5 27.
Nb3 Bb6 28. Rxd7 Rxd7 29. Rd1 Rxd1 30. Kxd1 c4 31. Nc1 b4 32. b3 cxb3 33. cxb3
a5 34. Kc2 h5 35. h3 hxg4 36. hxg4 Kf7 37. Kd3 Ke6 38. Kc4 Bd8 39. Nd3 Bc7 40.
Kb5 Kd6 41. Nc5 Ke5 42. Kc6 Bd8 43. Nb7 Be7 44. Kd7 Kd4 45. Kxe7 Ke3 46. Kd7
Kxf3 47. e5 Kxg4 48. Nc5 f3 49. Nd3 f2 50. Nxf2+ Kf3 51. e6 Kxf2 52. e7 g4 53.
e8=Q g3 54. Qf7+ Kg1 55. Kc6 g2 56. Qg6 Kh2 57. Kb5 g1=Q 58. Qxg1+ Kxg1 59.
Kxa5 Kf2 60. Kxb4 Ke3 61. a4 Kd4 62. a5 Kd5 63. Kb5 Kd6 64. Kb6 Kd7 65. Kb7 1-0

[Event "Grand Rapids (MI Am/2/27)"]
[Site "?"]
[Date "1995.??.??"]
[Round "?"]
[White "Brooks, Brion"]
[Black "Caminata, A."]
[Result "1-0"]
[WhiteElo "1730"]
[BlackElo "1605"]
[PlyCount "65"]
[EventDate "1995.??.??"]

{2/(27)} 1. d4 Nf6 2. c4 d5 3. Nc3 c6 4. cxd5 Nxd5 5. e4 Nb4 6. a3 Qa5 7. Bd2
N4a6 8. Bc4 e6 9. Nf3 Qb6 10. O-O Qd8 11. Ne5 Qf6 12. Nf3 h5 13. d5 Nc5 14. b4
Nca6 15. e5 Qf5 16. dxc6 Nxc6 17. Qa4 Bd7 18. Bb5 Rd8 19. Rfd1 Nab8 20. Be3 a6
21. Bxc6 Nxc6 22. Qb3 h4 23. Bb6 Nxe5 24. Nxe5 Qxe5 25. h3 Bd6 26. f4 Qf6 27.
Rxd6 Rc8 28. Ne4 Qe7 29. Rad1 Rd8 30. Bxd8 Qxd8 31. Rxd7 Qb6+ 32. Nc5 O-O 33.
Qd3 1-0

[Event "East Lansing (Class B/1/6)"]
[Site "?"]
[Date "1995.??.??"]
[Round "?"]
[White "Brinks, K."]
[Black "Walquist, Elaine"]
[Result "0-1"]
[WhiteElo "1650"]
[BlackElo "1745"]
[PlyCount "100"]
[EventDate "1995.??.??"]

{1/(6)} 1. d4 Nf6 2. Bf4 g6 3. e3 Bg7 4. Nf3 c5 5. c3 Qb6 6. Qb3 d6 7. Nbd2 Be6
8. Qxb6 axb6 9. c4 Nh5 10. Bg3 O-O 11. Bd3 Na6 12. a3 Nb4 13. Bb1 d5 14. cxd5
Bxd5 15. O-O cxd4 16. Bxg6 Nxg3 17. hxg3 fxg6 18. axb4 dxe3 19. fxe3 Rxa1 20.
Rxa1 Bxb2 21. Rb1 Bg7 22. e4 Be6 23. Rc1 Rc8 24. Rxc8+ Bxc8 25. Nc4 Bg4 26. Kf1
Bc3 27. Nxb6 Bxb4 28. Nd5 Bd6 29. e5 Bc5 30. Ke1 Be6 31. Nf4 Bc4 32. Nd2 Ba2
33. Nd3 Ba7 34. Nb4 Be6 35. Nf3 h6 36. Kd2 Bf2 37. Kc3 Bxg3 38. Kd4 Bf2+ 39.
Kd3 Kf7 40. Nd4 Bxd4 41. Kxd4 Bd7 42. g3 Ke6 43. Nd3 b6 44. Nf4+ Kf7 45. Kd5
e6+ 46. Kd6 g5 47. Nd3 Ba4 48. Nb4 h5 49. Nc6 Bxc6 50. Kxc6 h4 0-1

[Event "East Lansing (Class B/3/10)"]
[Site "?"]
[Date "1995.??.??"]
[Round "?"]
[White "Brinks, K."]
[Black "Jones, W."]
[Result "1-0"]
[WhiteElo "1650"]
[BlackElo "1615"]
[PlyCount "93"]
[EventDate "1995.??.??"]

{3/(10)} 1. d4 d5 2. e4 dxe4 3. Nc3 Nf6 4. f3 b6 5. fxe4 e6 6. Nf3 Bb4 7. Bd3
Bb7 8. Qe2 O-O 9. Bg5 Be7 10. Qd2 Nc6 11. e5 Ng4 12. Be4 f5 13. exf6 Nxf6 14.
Bf4 Bb4 15. Qd3 Nxe4 16. Qxe4 Na5 17. Qe3 Bxf3 18. gxf3 Bxc3+ 19. bxc3 Qd5 20.
O-O Nc4 21. Qc1 e5 22. dxe5 Nxe5 23. Qe3 Rae8 24. Bxe5 Rxe5 25. Qd4 Rg5+ 26.
Kh1 c5 27. Qd3 h5 28. c4 Qxd3 29. cxd3 Rf4 30. Rae1 Kf7 31. Re4 Rgf5 32. Kg2 g5
33. h3 g4 34. Rxf4 Rxf4 35. fxg4 Rxf1 36. Kxf1 hxg4 37. hxg4 Kg6 38. Kf2 Kg5
39. Kf3 a6 40. a4 a5 41. Ke4 Kxg4 42. d4 cxd4 43. Kxd4 Kf5 44. Kd5 Kf6 45. Kc6
Ke6 46. Kxb6 Kd6 47. c5+ 1-0

[Event "Grand Rapids (MI Am/3/7)"]
[Site "?"]
[Date "1995.??.??"]
[Round "?"]
[White "Brinks, K."]
[Black "Armstead, Curt"]
[Result "0-1"]
[WhiteElo "1605"]
[BlackElo "1855"]
[PlyCount "90"]
[EventDate "1995.??.??"]

{3/(7)} 1. d4 Nf6 2. Bg5 g6 3. Bxf6 exf6 4. Nd2 d5 5. e3 Bg7 6. Ngf3 O-O 7. c4
c6 8. cxd5 cxd5 9. Bd3 Nc6 10. Qb3 Re8 11. O-O Re7 12. Rac1 Be6 13. Rfe1 Rc8
14. Qa4 Rec7 15. Rc2 Bf8 16. a3 Qd6 17. Rec1 Bd7 18. Qb3 Be6 19. Qa2 Ne7 20.
Qb3 Rxc2 21. Rxc2 Rxc2 22. Qxc2 Nc6 23. b4 b6 24. Bb5 Bd7 25. Qa4 Qc7 26. Qc2
Qd6 27. Ba4 Be7 28. Bb3 Be6 29. Qa2 a6 30. Nb1 Na7 31. Nc3 Nb5 32. Nxd5 Bd8 33.
Nf4 Qc7 34. Ne2 Nc3 35. Nxc3 Qxc3 36. Qc2 Qxb3 37. Qxb3 Bxb3 38. Nd2 Bc2 39. e4
a5 40. bxa5 bxa5 41. f3 Bb6 42. Nc4 Bxd4+ 43. Kh1 a4 44. g3 Kf8 45. Kg2 Bb3 0-1

[Event "Grand Rapids (MI Am/5/22)"]
[Site "?"]
[Date "1995.??.??"]
[Round "?"]
[White "Brinks, K."]
[Black "Aldrich, Justin"]
[Result "0-1"]
[WhiteElo "1605"]
[BlackElo "1605"]
[PlyCount "70"]
[EventDate "1995.??.??"]

{5/(22)} 1. d4 d5 2. Bg5 Bf5 3. e3 Nd7 4. c4 Ngf6 5. cxd5 Nxd5 6. Nd2 c5 7. e4
h6 8. Bh4 Bxe4 9. Nxe4 Qa5+ 10. Qd2 Nb4 11. Ke2 cxd4 12. a3 d3+ 13. Kf3 Qf5+
14. Qf4 Ne5+ 15. Kg3 Qg6+ 16. Kh3 Qe6+ 17. g4 h5 18. Kg2 Ng6 19. Qg3 Qxe4+ 20.
f3 Nf4+ 21. Kf2 Qd4+ 22. Ke1 d2+ 23. Kd1 Qxb2 24. Bb5+ Kd8 25. axb4 Qxa1+ 26.
Kxd2 Qd4+ 27. Ke1 Qe3+ 28. Ne2 Rc8 29. Kf1 Nxe2 30. Bxe2 Rc1+ 31. Kg2 Qxe2+ 32.
Kh3 hxg4+ 33. Kxg4 Qe6+ 34. Kf4 Rc4+ 35. Kg5 Qg6# 0-1

[Event "Grand Rapids (MI Am/4/39)"]
[Site "?"]
[Date "1995.??.??"]
[Round "?"]
[White "Brant, K."]
[Black "Spangler, Richard"]
[Result "0-1"]
[WhiteElo "1605"]
[BlackElo "1605"]
[PlyCount "96"]
[EventDate "1995.??.??"]

{4/(39)} 1. e4 d5 2. exd5 Nf6 3. Nc3 Nxd5 4. Nxd5 Qxd5 5. Nf3 Nc6 6. d4 Bf5 7.
Bf4 Nb4 8. Bd3 Nxd3+ 9. cxd3 c6 10. h3 Qb5 11. O-O g6 12. Re1 Bg7 13. Ne5 Rd8
14. Qe2 O-O 15. Rad1 Rxd4 16. Be3 Rd5 17. Nc4 Rfd8 18. d4 e6 19. b3 e5 20. Bg5
f6 21. Bh4 exd4 22. g4 Bc8 23. Bg3 c5 24. Nd6 Qxe2 25. Rxe2 Kf8 26. Rde1 Bd7
27. Re7 Re5 28. Rf7+ Kg8 29. Bxe5 fxe5 30. Rf3 Bc6 31. Ne4 d3 32. Rfe3 Bxe4 33.
Rxe4 d2 34. Rd1 Rd5 35. g5 Rd4 36. Rxd4 cxd4 37. Rxd2 Kf7 38. Kf1 Ke6 39. Ke2
e4 40. h4 Kd5 41. Rd1 d3+ 42. Ke3 Bd4+ 43. Kd2 Bxf2 44. Rf1 Kd4 45. Kd1 e3 46.
Rh1 Kc3 47. Kc1 d2+ 48. Kd1 Kd3 0-1

[Event "Grand Rapids (MI Am/1/14)"]
[Site "?"]
[Date "1995.??.??"]
[Round "?"]
[White "Brant, K."]
[Black "Lubben, Don"]
[Result "0-1"]
[WhiteElo "1605"]
[BlackElo "1830"]
[PlyCount "83"]
[EventDate "1995.??.??"]

{1/(14)} 1. e4 d5 2. exd5 Qxd5 3. Nc3 Qa5 4. Nf3 Nf6 5. h3 e5 6. Bc4 Bf5 7. O-O
Nc6 8. Re1 Bd6 9. d4 O-O 10. Bb5 Nxd4 11. Nxd4 exd4 12. Qxd4 Bxc2 13. Bg5 Nh5
14. Qg4 g6 15. Bh6 Rfd8 16. Qe2 a6 17. Qxc2 axb5 18. Red1 Bf8 19. Bg5 Rxd1+ 20.
Rxd1 b4 21. Ne4 Qb6 22. Be3 Qe6 23. b3 Re8 24. Ng5 Qe5 25. Nf3 Qc3 26. Qxc3
bxc3 27. Rc1 Bg7 28. Bd4 Nf4 29. Kf1 Ne2 30. Re1 c2 31. Be3 Rxe3 32. fxe3 c1=Q
33. Kxe2 Qc2+ 34. Nd2 Qxa2 35. Rc1 c6 36. Rc3 Bxc3 37. Kf3 Qxd2 38. Kf4 f6 39.
g3 Be5+ 40. Kf3 Qd5+ 41. e4 Qd3+ 42. Kg4 0-1

[Event "Grand Rapids (MI Am/5/35)"]
[Site "?"]
[Date "1995.??.??"]
[Round "?"]
[White "Brant, K."]
[Black "Choate, Eric"]
[Result "1-0"]
[WhiteElo "1605"]
[BlackElo "1605"]
[PlyCount "53"]
[EventDate "1995.??.??"]

{5/(35)} 1. e4 e5 2. Nf3 Nc6 3. Bc4 Nf6 4. Nc3 Bc5 5. O-O d6 6. h3 O-O 7. d3 h6
8. Be3 Bb4 9. Nd5 Be6 10. a3 Ba5 11. Qc1 Nxd5 12. exd5 Bf5 13. dxc6 bxc6 14.
Bxh6 Qf6 15. Bg5 Qg6 16. Nh4 Qh5 17. Nxf5 d5 18. Ba2 f6 19. Ne7+ Kf7 20. Nxc6
Bb6 21. Bxd5+ Ke8 22. Be3 Bxe3 23. Qxe3 Rc8 24. Qc5 Rf7 25. Bxf7+ Kxf7 26. Qd5+
Kg6 27. Ne7+ 1-0

[Event "East Lansing (MI Op/7/26)"]
[Site "?"]
[Date "1995.??.??"]
[Round "?"]
[White "Brady, Lindell"]
[Black "Welch, Joseph"]
[Result "1/2-1/2"]
[WhiteElo "1900"]
[BlackElo "1665"]
[PlyCount "54"]
[EventDate "1995.??.??"]

{7/(26)} 1. e4 c5 2. Nf3 Nc6 3. Bb5 g6 4. O-O Bg7 5. c3 a6 6. Bxc6 bxc6 7. d4
cxd4 8. cxd4 Nf6 9. Re1 O-O 10. Bd2 d5 11. e5 Ng4 12. Nc3 e6 13. Qc1 c5 14. h3
cxd4 15. Nd1 Nxe5 16. Nxe5 Bxe5 17. Rxe5 f6 18. Re1 e5 19. f3 Bf5 20. b3 Rc8
21. Qa3 Rc2 22. Bb4 Re8 23. Nf2 g5 24. Rad1 Qb6 25. Nd3 Bxd3 26. Rxd3 Kf7 27.
Ba5 Qb5 1/2-1/2

[Event "East Lansing (MI Op/3/14)"]
[Site "?"]
[Date "1995.??.??"]
[Round "?"]
[White "Brady, Lindell"]
[Black "Fischvogt, Eric"]
[Result "0-1"]
[WhiteElo "1900"]
[BlackElo "2220"]
[PlyCount "64"]
[EventDate "1995.??.??"]

{3/(14)} 1. e4 e6 2. d4 d5 3. exd5 exd5 4. Bd3 c5 5. dxc5 Nc6 6. Nf3 Nf6 7. O-O
Bxc5 8. Nc3 O-O 9. h3 a6 10. Bf4 Be6 11. a3 Qd7 12. Re1 Rad8 13. Ne5 Nxe5 14.
Bxe5 Ne8 15. Qh5 g6 16. Qh6 f6 17. Bg3 Ng7 18. Qd2 Nf5 19. Bxf5 Bxf5 20. Rad1
d4 21. Ne2 Qa4 22. Rc1 Rfe8 23. Nf4 Bf8 24. Nd3 Rxe1+ 25. Rxe1 Rc8 26. Rc1 Qc4
27. Ne1 d3 28. c3 Re8 29. Rd1 Re2 30. Qc1 Qd5 31. Bf4 Bc5 32. Rd2 Bxf2+ 0-1

[Event "East Lansing (MI Op/1a/8)"]
[Site "?"]
[Date "1995.??.??"]
[Round "?"]
[White "Brady, Lindell"]
[Black "Avery, Robert W"]
[Result "1-0"]
[WhiteElo "1900"]
[BlackElo "2160"]
[PlyCount "141"]
[EventDate "1995.??.??"]

1. e4 e5 2. Nf3 Nc6 3. Bb5 Bc5 4. O-O Nf6 5. d3 d6 6. h3 Bd7 7. Nc3 a6 8. Ba4
b5 9. Bb3 Na5 10. Qe2 c6 11. Be3 Qe7 12. Qd2 Bb4 13. a3 Nxb3 14. cxb3 Ba5 15.
b4 Bc7 16. Rac1 O-O 17. Nd5 cxd5 18. Rxc7 dxe4 19. dxe4 Nxe4 20. Qd3 f5 21.
Nxe5 Qxe5 22. Rxd7 Rf6 23. Bd4 Qd5 24. f3 Rg6 25. fxe4 fxe4 26. Qe3 Kh8 27.
Rff7 Rg8 28. Rfe7 h6 29. Qxe4 Qxe4 30. Rxe4 Rc8 31. Bc3 Rc6 32. Rg4 Rxg4 33.
hxg4 d5 34. Bxg7+ Kg8 35. Bc3 Rc4 36. Rxd5 Rc6 37. Rf5 Kh7 38. Rf6 Rc4 39. Rxa6
Rxg4 40. Rb6 Rg5 41. Rc6 Rg8 42. Bd2 h5 43. Rh6+ Kg7 44. Rxh5 Rb8 45. Rc5 Kf6
46. Be3 Rb7 47. Rc6+ Kf5 48. Rb6 Rd7 49. Rxb5+ Ke4 50. Bc5 Rd2 51. Ra5 Rxb2 52.
b5 Kd5 53. Bb4 Re2 54. Ra7 Re6 55. Rd7+ Kc4 56. Rd6 Re8 57. b6 Rb8 58. g3 Kb5
59. Rg6 Rb7 60. g4 Rd7 61. Kg2 Kc4 62. Kg3 Kb5 63. g5 Ka6 64. Kg4 Rd1 65. Rf6
Rh1 66. g6 Kb7 67. Kg5 Rg1+ 68. Kh6 Rh1+ 69. Kg7 Rd1 70. Kf7 Rd7+ 71. Be7 1-0

[Event "East Lansing (MI Op/5/33)"]
[Site "?"]
[Date "1995.??.??"]
[Round "?"]
[White "Brady, Lindell"]
[Black "Arganian, David H"]
[Result "1-0"]
[WhiteElo "1900"]
[BlackElo "1800"]
[PlyCount "97"]
[EventDate "1995.??.??"]

{5/(33)} 1. e4 e5 2. Nf3 d6 3. Bc4 f5 4. d3 Nf6 5. Ng5 d5 6. exd5 Nxd5 7. Qe2
Nc6 8. Nc3 Nxc3 9. bxc3 Qe7 10. Nf7 Be6 11. Bxe6 Qxe6 12. Nxh8 O-O-O 13. Qh5 g6
14. Qxh7 Ne7 15. Bg5 Rd7 16. Bxe7 Bxe7 17. Qxg6 Bf6 18. O-O Rg7 19. Qh6 Qe7 20.
Ng6 Qf7 21. Qh5 Rxg6 22. Qxf5+ Kb8 23. Rab1 Rg5 24. Qe4 b6 25. c4 Be7 26. Rb5
Bc5 27. Rxc5 bxc5 28. Rb1+ Kc8 29. Qb7+ Kd7 30. Qd5+ Qxd5 31. cxd5 Rg6 32. c4
Ra6 33. Rb2 Ra3 34. Rd2 Ke7 35. h4 Kf6 36. g4 a6 37. Kg2 a5 38. f3 Ra4 39. Rb2
Rb4 40. Rxb4 cxb4 41. g5+ Kf5 42. c5 a4 43. d6 Ke6 44. dxc7 Kd7 45. g6 b3 46.
axb3 axb3 47. g7 b2 48. g8=Q b1=Q 49. Qd8+ 1-0

[Event "East Lansing (Class C/5/5)"]
[Site "?"]
[Date "1995.??.??"]
[Round "?"]
[White "Boyle, John"]
[Black "Wright, Ken"]
[Result "1-0"]
[WhiteElo "1605"]
[BlackElo "1605"]
[PlyCount "143"]
[EventDate "1995.??.??"]

{5/(5)} 1. d4 d5 2. e3 Nf6 3. Bd3 b6 4. Nd2 Bb7 5. f4 e6 6. Ngf3 Bd6 7. O-O Nc6
8. c3 Qe7 9. Ne5 Nd7 10. Qg4 O-O-O 11. Qxg7 Rdf8 12. Bxh7 Qh4 13. Bd3 Qxh2+ 14.
Kf2 Rhg8 15. Qh7 Qxg2+ 16. Ke1 Rh8 17. Rf2 Qg3 18. Nf1 Qg1 19. Nf3 Qg4 20. N1h2
Qg3 21. Nf1 Qg4 22. N1h2 Qg3 23. Nf1 Rxh7 24. Nxg3 Rh3 25. Rg2 Rg8 26. Kf2 Nf6
27. Ng5 Ng4+ 28. Kf3 Nh2+ 29. Kf2 Ng4+ 30. Kf3 Rh4 31. Nxf7 Be7 32. Nf1 Rh3+
33. Rg3 Nh2+ 34. Kf2 Bh4 35. Ng5 Bxg3+ 36. Nxg3 Rh6 37. Bd2 Ng4+ 38. Kf3 Nh2+
39. Kg2 Nd8 40. Be2 Rgh8 41. Rh1 c5 42. Be1 Kb8 43. Bf2 e5 44. Bg1 exf4 45.
exf4 cxd4 46. Bxd4 Rh4 47. Bxh8 d4+ 48. Bf3 Bxf3+ 49. Nxf3 Rxh8 50. Rxh2 Rxh2+
51. Kxh2 d3 52. Nf1 Ne6 53. f5 Nc5 54. f6 Kc7 55. f7 Ne6 56. Ne5 Nf8 57. Nxd3
Kd6 58. Kg3 Ke6 59. Kf4 Kxf7 60. Ke5 Nd7+ 61. Kd6 Nb8 62. Kc7 Na6+ 63. Kb7 Nc5+
64. Nxc5 bxc5 65. Kc6 c4 66. Ne3 Ke6 67. Nxc4 Ke7 68. Ne5 Ke6 69. c4 Kxe5 70.
Kd7 Kd4 71. Kd6 a6 72. c5 1-0

[Event "Detroit (MI Team/1/4/3)"]
[Site "?"]
[Date "1995.??.??"]
[Round "?"]
[White "Boyle, John"]
[Black "Woods, O."]
[Result "1-0"]
[WhiteElo "1605"]
[BlackElo "1605"]
[PlyCount "53"]
[EventDate "1995.??.??"]

{1/4} 1. d4 Nc6 2. e3 d5 3. c4 dxc4 4. Bxc4 Na5 5. Bd3 Qd5 6. Nf3 Bg4 7. Be2
Bxf3 8. Bxf3 Qb5 9. Nc3 Qb6 10. Qa4+ Nc6 11. d5 Qa5 12. dxc6 Qxa4 13. cxb7 Rd8
14. Nxa4 Nf6 15. Bc6+ Nd7 16. Nc5 e6 17. Nxd7 Bb4+ 18. Ke2 Rxd7 19. b8=Q+ Ke7
20. Qxh8 Rd6 21. Qe8+ Kf6 22. a3 Ba5 23. b4 Bb6 24. Bb2+ Kf5 25. Qxf7+ Kg4 26.
Bf3+ Kg5 27. Qh5# 1-0

[Event "East Lansing (Class C/1/12)"]
[Site "?"]
[Date "1995.??.??"]
[Round "?"]
[White "Boyle, John"]
[Black "Wheeler, R."]
[Result "1/2-1/2"]
[WhiteElo "1605"]
[BlackElo "1605"]
[PlyCount "138"]
[EventDate "1995.??.??"]

{1/(12)} 1. d4 d6 2. e4 g6 3. c4 Bg7 4. Nf3 Bg4 5. Be3 Nf6 6. Nc3 c6 7. Be2
Nbd7 8. O-O O-O 9. h3 Bxf3 10. Bxf3 e5 11. d5 Qc7 12. Bg5 a6 13. Rc1 c5 14. a3
h6 15. Bh4 Rab8 16. Qd3 Nh7 17. Bg4 Ndf6 18. Be2 Rfe8 19. b4 b6 20. bxc5 bxc5
21. Rb1 Nd7 22. Rxb8 Rxb8 23. Rb1 f6 24. Bg4 Nhf8 25. a4 Rb4 26. Bd1 Qb6 27.
Bc2 g5 28. Bg3 Ng6 29. Na2 Rxb1+ 30. Bxb1 Qb2 31. Qc2 Qd4 32. a5 h5 33. Kh1 h4
34. Bh2 Nf4 35. f3 Nf8 36. Bg1 Qa1 37. Be3 Ne2 38. Bd2 Qd4 39. Qd1 Ng3+ 40. Kh2
Qxc4 41. Nc1 Nf1+ 42. Kg1 Nxd2 43. Qxd2 Qd4+ 44. Qxd4 exd4 45. Bd3 Nd7 46. Bxa6
Kf7 47. Bc8 Ke7 48. a6 Nb6 49. a7 Kd8 50. Bb7 Kc7 51. a8=Q Nxa8 52. Bxa8 Kb6
53. Bc6 Ka5 54. Kf2 Kb4 55. Ke2 Kc3 56. Bb5 c4 57. Na2+ Kb3 58. Nc1+ Kc3 59.
Kd1 Bf8 60. Ba4 Be7 61. Na2+ Kb2 62. Nc1 Ka3 63. Bb5 Kb4 64. Ba6 Bd8 65. Ne2
Bb6 66. g3 d3 67. gxh4 dxe2+ 68. Kxe2 gxh4 69. Kd2 Bd4 1/2-1/2

[Event "Detroit (MI Action/6/11)"]
[Site "?"]
[Date "1995.??.??"]
[Round "?"]
[White "Boyle, John"]
[Black "Saenz, Scott"]
[Result "1-0"]
[WhiteElo "1605"]
[BlackElo "1605"]
[PlyCount "71"]
[EventDate "1995.??.??"]

{6/(11)} 1. d4 Nf6 2. e3 e6 3. Bd3 Nc6 4. c3 d5 5. f4 Bd6 6. Nd2 O-O 7. Ngf3
Ne8 8. O-O f5 9. Ne5 Nxe5 10. fxe5 Be7 11. Qh5 c5 12. Rf3 cxd4 13. exd4 Bg5 14.
Rg3 h6 15. Nf3 Bxc1 16. Rxc1 Qb6 17. Qxh6 Rf7 18. Rb1 Kf8 19. Qh8+ Ke7 20. Ng5
Rf8 21. Qh4 Kd7 22. a4 a5 23. Bb5+ Kc7 24. Bxe8 Rxe8 25. Qh7 Qb3 26. Qxg7+ Bd7
27. Qf7 Qc2 28. Rf1 Rf8 29. Qe7 Kc8 30. Qxf8+ Kc7 31. Qxa8 Qxa4 32. Qa7 Bb5 33.
Nxe6+ Kc8 34. Qc5+ Kd7 35. Rg7+ Ke8 36. Qf8# 1-0

[Event "East Lansing (MOR/3/28)"]
[Site "?"]
[Date "1995.??.??"]
[Round "?"]
[White "Boyle, John"]
[Black "Roberts, Andy"]
[Result "1-0"]
[WhiteElo "1605"]
[BlackElo "1605"]
[PlyCount "85"]
[EventDate "1995.??.??"]

{3/(28)} 1. d4 d6 2. e3 Nc6 3. Bd3 e5 4. c3 Nf6 5. dxe5 dxe5 6. e4 Bc5 7. Nf3
a6 8. Bg5 h6 9. Bh4 Qd6 10. O-O Ne7 11. Qe2 Ng6 12. Bg3 Nh5 13. Rd1 O-O 14.
Nbd2 Nhf4 15. Qf1 Nh5 16. Bc2 Ngf4 17. Nb3 Qe7 18. Bxf4 Nxf4 19. Nxc5 Qxc5 20.
g3 Bh3 21. Qe1 Nh5 22. Rd5 Qc6 23. Nxe5 Qe6 24. Bb3 Qf6 25. Qe2 g6 26. Ng4 Qc6
27. Ne5 Qe6 28. Nxf7 Kh7 29. Rxh5 Qe7 30. Ng5+ Kg7 31. Rxh3 hxg5 32. g4 Qe8 33.
Rf3 Qc6 34. Rxf8 Rxf8 35. e5 Re8 36. e6 Qc5 37. Rd1 Kf6 38. Qf3+ Kg7 39. Qf7+
Kh6 40. Qxe8 Qe5 41. Qf7 Qe4 42. Qf8+ Kh7 43. Rd7# 1-0

[Event "Detroit (MI Action/5/3)"]
[Site "?"]
[Date "1995.??.??"]
[Round "?"]
[White "Boyle, John"]
[Black "Rajlich, Vasik"]
[Result "0-1"]
[WhiteElo "1605"]
[BlackElo "2250"]
[PlyCount "86"]
[EventDate "1995.??.??"]

{5/(3)} 1. d4 Nf6 2. e3 g6 3. Bd3 Bg7 4. f4 O-O 5. Nf3 b6 6. Nbd2 c5 7. c3 Ba6
8. Ne4 Nxe4 9. Bxe4 d5 10. Bd3 Qd6 11. Ne5 f6 12. Nf3 Bxd3 13. Qxd3 Nd7 14. O-O
e5 15. fxe5 fxe5 16. dxe5 Nxe5 17. Nxe5 Bxe5 18. g3 Bxg3 19. Qe2 Bxh2+ 20. Kh1
Rxf1+ 21. Qxf1 Rf8 22. Qg2 Bg3 23. Qh3 Rf5 24. Kg2 Qe5 25. Bd2 Rf2+ 26. Kg1
Rxd2 27. Qc8+ Kg7 28. Qd7+ Kh6 29. Qh3+ Kg5 30. Rf1 Qxe3+ 31. Kh1 Qe4+ 32. Kg1
Bh2+ 33. Qxh2 Qg4+ 34. Kh1 Rxh2+ 35. Kxh2 Qe2+ 36. Kg1 Qxb2 37. Rf2 Qxc3 38.
Rg2+ Kf4 39. Rf2+ Ke3 40. Rh2 Qa1+ 41. Kg2 Qxa2+ 42. Kg3 Qxh2+ 43. Kxh2 d4 0-1

[Event "Detroit (MI Team/3/3/3)"]
[Site "?"]
[Date "1995.??.??"]
[Round "?"]
[White "Boyle, John"]
[Black "Gentry, Loyd"]
[Result "1-0"]
[WhiteElo "1605"]
[BlackElo "1605"]
[PlyCount "120"]
[EventDate "1995.??.??"]

{3/3} 1. d4 d5 2. e3 Nf6 3. Bd3 Nc6 4. f4 Nb4 5. c3 Nxd3+ 6. Qxd3 Ne4 7. Nd2
Bf5 8. Qb5+ c6 9. Qxb7 Qc8 10. Qxc8+ Rxc8 11. Ngf3 h6 12. O-O e6 13. h3 c5 14.
Nxe4 Bxe4 15. Bd2 Be7 16. Rac1 O-O 17. b4 c4 18. a4 a6 19. Ra1 Ra8 20. Ra2 Bf6
21. Rfa1 Kh7 22. Bc1 Rfb8 23. Kf2 Rf8 24. Ba3 Be7 25. Rb2 f6 26. b5 Bxa3 27.
Rxa3 axb5 28. Rxb5 Rfb8 29. Rxb8 Rxb8 30. a5 Rb3 31. Rxb3 cxb3 32. Nd2 Bd3 33.
Nxb3 Kg6 34. Nc5 Bb5 35. a6 Kf7 36. a7 Bc6 37. Na6 Ke7 38. Nc7 Kd7 39. a8=Q
Bxa8 40. Nxa8 Kc6 41. Kf3 Kb7 42. Kg3 Kxa8 43. Kh4 g6 44. g4 Kb7 45. g5 hxg5+
46. fxg5 f5 47. Kg3 Kc6 48. h4 Kd7 49. h5 gxh5 50. Kh4 Ke7 51. Kxh5 Kf7 52. g6+
Kf6 53. Kh6 e5 54. g7 exd4 55. cxd4 Kf7 56. Kh7 f4 57. exf4 Kf6 58. g8=Q Kf5
59. Qxd5+ Kxf4 60. Qe5+ Kg4 1-0

[Event "Detroit (CMS Jun/2/2/3)"]
[Site "?"]
[Date "1995.??.??"]
[Round "?"]
[White "Boyle, John"]
[Black "Gentry, Bronson"]
[Result "0-1"]
[WhiteElo "1605"]
[BlackElo "1605"]
[PlyCount "102"]
[EventDate "1995.??.??"]

{2/2} 1. d4 c5 2. e3 Nc6 3. c3 Nf6 4. Bd3 e6 5. Nd2 cxd4 6. exd4 b6 7. f4 Bb7
8. Ngf3 Be7 9. O-O Nd5 10. g3 Ne3 11. Qe2 Nxf1 12. Kxf1 h5 13. Ne5 Nxe5 14.
fxe5 h4 15. Qg4 Bf8 16. Nf3 Bxf3 17. Qxf3 hxg3 18. Qxg3 Qh4 19. Bf4 Qxg3 20.
Bxg3 Be7 21. Kg2 Bh4 22. Bf4 Ke7 23. Rf1 Raf8 24. Bd2 f6 25. c4 a5 26. b4 fxe5
27. bxa5 Rxf1 28. Bb4+ Kd8 29. Bxf1 bxa5 30. Bxa5+ Kc8 31. dxe5 Rf8 32. Bb6 Kb7
33. c5 Rf2+ 34. Kg1 Rxa2 35. Bb5 Rd2 36. Ba5 Rd5 37. Bb6 Be7 38. Be2 Bxc5+ 39.
Bxc5 Rxc5 40. Bf3+ Kb6 41. Kg2 Rxe5 42. Kg3 Rf5 43. Bg4 Rf6 44. h4 d5 45. h5 d4
46. Be2 e5 47. Kg4 e4 48. Kg5 d3 49. Bd1 e3 50. h6 gxh6+ 51. Kxf6 e2 0-1

[Event "Detroit (MI Action/2/3)"]
[Site "?"]
[Date "1995.??.??"]
[Round "?"]
[White "Boyle, John"]
[Black "Gabbara, Faris"]
[Result "0-1"]
[WhiteElo "1605"]
[BlackElo "2200"]
[PlyCount "38"]
[EventDate "1995.??.??"]

{2/(3)} 1. d4 Nf6 2. e3 e6 3. Bd3 b6 4. f4 Bb7 5. Nf3 d6 6. Nbd2 Nd5 7. Qe2 Nb4
8. O-O Nxd3 9. cxd3 Ba6 10. b3 Nc6 11. Ba3 Bb5 12. Rfc1 a5 13. Rc2 a4 14. Nc4
Be7 15. e4 O-O 16. g3 axb3 17. axb3 d5 18. exd5 Qxd5 19. Rca2 Nxd4 0-1

[Event "East Lansing (MOR/1b/21)"]
[Site "?"]
[Date "1995.??.??"]
[Round "?"]
[White "Boyle, John"]
[Black "Choate, Eric"]
[Result "1-0"]
[WhiteElo "1605"]
[BlackElo "1605"]
[PlyCount "65"]
[EventDate "1995.??.??"]

1. d4 d5 2. e3 Nf6 3. Bd3 e6 4. Nd2 Nc6 5. c3 Bd6 6. f4 O-O 7. Ngf3 Ng4 8. Qe2
h6 9. O-O Qe7 10. Ne5 Ngxe5 11. fxe5 Bxe5 12. dxe5 Nxe5 13. Bc2 Bd7 14. e4 Ng6
15. Qh5 Qg5 16. Qxg5 hxg5 17. exd5 exd5 18. Bxg6 fxg6 19. Rxf8+ Rxf8 20. Nf3 c5
21. Bxg5 b5 22. Rd1 Rf5 23. b3 Be6 24. Be7 c4 25. bxc4 dxc4 26. Ng5 Bd5 27. g4
Re5 28. h4 a5 29. Bd6 Re3 30. Rxd5 Re8 31. Rxb5 Re1+ 32. Kf2 Ra1 33. Rb8# 1-0